00733cam a22002291 4500001001300000003000400013005001700017008004100034010001700075035001900092040002000111042001200131050001500143100005200158245009400210260004000304300002100344490006800365504003100433651002200464999001700486sa 66002010 DLC20260227112226.0750404s1964 xx 000 0 eng  asa 66002010  a(OCoLC)1252967 aDLCcTxFTCdDLC apremarc00aDS446b.P31 aPanikkar, K. M.q(Kavalam Madhava),d1896-1963.10aLectures on India's contact with the world in the pre-British period,cby K. M. Panikkar. a[Nagpur]bNagpur University,c1964. a2, 75 p.c21 cm.0 aNagpur University. Mahadeo Hari Wathodkar lecture series,v1963 aBibliographical footnotes. 0aIndiaxRelations. c68114d68114